Score 0/33 Timer 02:00
7 Plays Today
% Correct
New York
93.7%
North Carolina
89.5%
California
86.5%
North Dakota
86.4%
New Mexico
86%
New Jersey
85.5%
New Hampshire
83.1%
Washington
81.1%
Maine
79.2%
Nevada
77%
Oregon
77%
Nebraska
76.1%
Arizona
73.8%
Arkansas
72.8%
Kansas
72.6%
Montana
72.5%
Minnesota
72.3%
% Correct
Michigan
72.3%
South Carolina
70.5%
Indiana
70.5%
Virginia
69.7%
Connecticut
67.9%
Tennessee
67.7%
Kentucky
67.5%
Pennsylvania
67.1%
West Virginia
66.1%
Vermont
65.9%
Louisiana
65.5%
Wisconsin
63.4%
Maryland
63.3%
Wyoming
61.8%
Illinois
61.2%
Rhode Island
59.7%
Remove Ads.
Support Sporcle.
Get the best of Sporcle when you Go Orange. This ad-free experience offers more features, more stats, and more fun while also helping to support Sporcle. Thank you for becoming a member.

You're not logged in!

Compare scores with friends on all Sporcle quizzes.
OR
Log In

Show Comments

Extras

Top Quizzes Today


Score Distribution

Your Account Isn't Verified!

In order to create a playlist on Sporcle, you need to verify the email address you used during registration. Go to your Sporcle Settings to finish the process.

Report this User

Report this user for behavior that violates our Community Guidelines.

Details: